000 00500cam a22002054a 4500
005 20250605164253.0
008 250528s ||||||||||||||||||||||||d
035 _a21821
020 _a9780761940463
040 _aGR-AtMCL
_bgre
_dGR-AtMCL
_eAACR2
245 1 _aEXPLORING CHILDREN'S LITERATURE
250 _a1
260 _bChapman & Hall,
_c2002
300 _a194
700 1 _aGamble Nikki
_97738
700 1 _aYates Sally
_97739
942 _cBK
999 _c6880
_d6880